Addressing Student Sexual Violence in Higher Education: A Good Practice Guide (Record no. 60158)

MARC details
000 -LEADER
fixed length control field 00933nam a22002417a 4500
005 - DATE AND TIME OF LATEST TRANSACTION
control field 20260206091610.0
008 - FIXED-LENGTH DATA ELEMENTS--GENERAL INFORMATION
fixed length control field 260206b |||||||| |||| 00| 0 eng d
020 ## - INTERNATIONAL STANDARD BOOK NUMBER
International Standard Book Number 978-1-83867-138-9
050 ## - LIBRARY OF CONGRESS CALL NUMBER
Classification number LB2345
Item number .H86 2020
100 ## - MAIN ENTRY--PERSONAL NAME
Personal name Humphreys, Clarissa J.
245 ## - TITLE STATEMENT
Title Addressing Student Sexual Violence in Higher Education: A Good Practice Guide
260 ## - PUBLICATION, DISTRIBUTION, ETC. (IMPRINT)
Place of publication, distribution, etc Bingley, UK
Name of publisher, distributor, etc Emerald Publishing Limited
Date of publication, distribution, etc 2020
300 ## - PHYSICAL DESCRIPTION
Extent xxvii, 225 p. ;
Dimensions 22 cm
650 ## - SUBJECT ADDED ENTRY--TOPICAL TERM
Topical term or geographic name as entry element Campus violence
General subdivision Prevention.
650 ## - SUBJECT ADDED ENTRY--TOPICAL TERM
Topical term or geographic name as entry element College students
Form subdivision Crimes against
General subdivision Prevention.
650 ## - SUBJECT ADDED ENTRY--TOPICAL TERM
Topical term or geographic name as entry element Sex crimes
General subdivision Prevention.
650 ## - SUBJECT ADDED ENTRY--TOPICAL TERM
Topical term or geographic name as entry element Campus violence
General subdivision Prevention.
650 ## - SUBJECT ADDED ENTRY--TOPICAL TERM
Topical term or geographic name as entry element College students
Form subdivision Crimes against
General subdivision Prevention
650 ## - SUBJECT ADDED ENTRY--TOPICAL TERM
Topical term or geographic name as entry element Sex crimes
General subdivision Prevention
700 ## - ADDED ENTRY--PERSONAL NAME
Personal name Towl, Graham J.
Relator term Author
856 ## - ELECTRONIC LOCATION AND ACCESS
Uniform Resource Identifier https://www.emerald.com/books/monograph/10545/Addressing-Student-Sexual-Violence-in-Higher?searchresult=1
942 ## - ADDED ENTRY ELEMENTS (KOHA)
Source of classification or shelving scheme Library of Congress Classification
Item type E-book
Holdings
Withdrawn status Lost status Source of classification or shelving scheme Damaged status Not for loan Collection code Home library Current library Date acquired Total Checkouts Full call number Date last seen Uniform Resource Identifier Price effective from Koha item type
    Library of Congress Classification   Not For Loan Non-fiction Bishop Okullu Memorial Library (Limuru Campus) Bishop Okullu Memorial Library (Limuru Campus) 06/02/2026   LB2345 .H86 2020 06/02/2026 https://www.emerald.com/books/monograph/10545/Addressing-Student-Sexual-Violence-in-Higher?searchresult=1 06/02/2026 E-book